[Event "Bundesliga 2324"]
[Site "Germany"]
[Date "2024.04.28"]
[Round "15.6"]
[White "Ernst, Sipke"]
[Black "Kindermann, Stefan"]
[Result "1/2-1/2"]
[WhiteElo "2551"]
[BlackElo "2444"]
[PlyCount "93"]
[EventDate "2023.10.21"]
[EventType "team-tourn"]
[EventRounds "15"]
[EventCountry "GER"]
[SourceTitle "CBM 219 Extra"]
[Source "ChessBase"]
[SourceDate "2024.05.31"]
[SourceVersion "1"]
[SourceVersionDate "2024.05.31"]
[SourceQuality "1"]
[WhiteTeam "Hamburger SK"]
[BlackTeam "Muenchen Zugzwang"]
[WhiteTeamCountry "GER"]
[BlackTeamCountry "GER"]

1. d4 d5 2. c4 c6 3. cxd5 cxd5 4. Bf4 Nc6 5. e3 Nf6 6. Nc3 a6 7. Bd3 Bg4 8. Nge2 e6 9. h3 Bxe2 10. Qxe2 Bd6 11. Bg5 Be7 12. Rc1 Nd7 13. Bf4 Nb6 14. 0-0 0-0 15. Nb1 Bd6 16. Bxd6 Qxd6 17. a3 Rfc8 18. Nd2 Ne7 19. Nb3 Nd7 20. Na5 Rc7 21. Rc2 Rac8 22. Rfc1 Rxc2 23. Rxc2 Rc7 24. b4 b5 25. Qd1 Nb6 26. Rc5 Na4 27. Bxh7+ Kf8 28. Rxc7 Qxc7 29. Qc2 Qxc2 30. Bxc2 Nb6 31. Kf1 Nec8 32. Nb7 Nc4 33. a4 bxa4 34. Bxa4 Ke7 35. Ke2 Na7 36. h4 Nb6 37. Bd1 Nc6 38. Kd2 Nxb4 39. Na5 Kd6 40. Bh5 f6 41. Kc3 Nc6 42. Nb7+ Ke7 43. Be2 a5 44. Bb5 Na7 45. Bd3 Nc6 46. Bb5 Na7 47. Bd3 1/2-1/2

[Event "BL2-Ost 2223"]
[Site "Germany"]
[Date "2022.11.27"]
[Round "4.4"]
[White "Kindermann, Stefan"]
[Black "Rozentalis, Eduardas"]
[Result "1/2-1/2"]
[WhiteElo "2465"]
[BlackElo "2500"]
[PlyCount "33"]
[EventDate "2022.10.22"]
[EventType "team-tourn"]
[EventRounds "10"]
[EventCountry "GER"]
[SourceTitle "EXT 2024"]
[Source "ChessBase"]
[SourceDate "2023.10.10"]
[SourceVersion "1"]
[SourceVersionDate "2023.10.10"]
[SourceQuality "1"]
[WhiteTeam "Muenchen Zugzwang"]
[BlackTeam "Goeggingen"]
[WhiteTeamCountry "GER"]
[BlackTeamCountry "GER"]

1. d4 Nf6 2. Nf3 b6 3. g3 Bb7 4. Bg2 e6 5. c4 Be7 6. 0-0 0-0 7. Nc3 Ne4 8. Qc2 Nxc3 9. Qxc3 Bf6 10. Qc2 d5 11. cxd5 exd5 12. Bf4 Na6 13. Rfd1 Re8 14. Be5 c5 15. Bxf6 Qxf6 16. dxc5 Nxc5 17. Nd4 1/2-1/2

[Event "BL2-Ost 2223"]
[Site "Germany"]
[Date "2022.10.23"]
[Round "2.4"]
[White "Weishaeutel, Moritz"]
[Black "Kindermann, Stefan"]
[Result "1-0"]
[WhiteElo "2401"]
[BlackElo "2465"]
[PlyCount "41"]
[EventDate "2022.10.22"]
[EventType "team-tourn"]
[EventRounds "10"]
[EventCountry "GER"]
[SourceTitle "EXT 2024"]
[Source "ChessBase"]
[SourceDate "2023.10.10"]
[SourceVersion "1"]
[SourceVersionDate "2023.10.10"]
[SourceQuality "1"]
[WhiteTeam "Erfurt"]
[BlackTeam "Muenchen Zugzwang"]
[WhiteTeamCountry "GER"]
[BlackTeamCountry "GER"]

1. d4 d5 2. c4 e6 3. Nc3 a6 4. cxd5 exd5 5. Bf4 c6 6. e3 Bd6 7. Bxd6 Qxd6 8. Bd3 Ne7 9. Qc2 Nd7 10. Nge2 Nf6 11. 0-0 Ng4 12. Ng3 h5 13. e4 dxe4 14. Ncxe4 Qf4 15. Qc5 Rh6 16. h4 Bf5 17. Rae1 Re6 18. Nd6+ Rxd6 19. Rxe7+ Kxe7 20. Nxf5+ Kd7 21. g3 1-0

[Event "AUT-ch Zwisch Internet"]
[Site "Playchess.com INT"]
[Date "2020.05.02"]
[Round "7"]
[White "Schreiner, Peter"]
[Black "Kindermann, Stefan"]
[Result "0-1"]
[WhiteElo "2440"]
[BlackElo "2471"]
[PlyCount "90"]
[EventDate "2020.05.02"]
[EventType "swiss (blitz)"]
[EventRounds "13"]
[EventCountry "AUT"]
[SourceTitle "CBM 195 Extra"]
[Source "ChessBase"]
[SourceDate "2020.05.31"]
[SourceVersion "1"]
[SourceVersionDate "2020.05.31"]
[SourceQuality "1"]

1. d4 e6 2. Nf3 f5 3. g3 Nf6 4. Bg2 d5 5. 0-0 Bd6 6. c4 0-0 7. Nc3 c6 8. Qc2 Qe7 9. Rb1 Nbd7 10. a3 a5 11. Ne1 Ne4 12. Nd3 Ndf6 13. Bf4 dxc4 14. Ne5 Nxc3 15. Qxc3 Nd5 16. Qxc4 Nxf4 17. gxf4 Bd7 18. Rbd1 Be8 19. Rd3 Bh5 20. Rg3 Kh8 21. Kh1 Rad8 22. Rg1 Bxe5 23. dxe5 Rd2 24. Qc3 Rxe2 25. Bf3 Bxf3+ 26. Qxf3 Rxb2 27. Qh5 Rf7 28. Rh3 h6 29. Rhg3 Rxf2 30. Rd3 Rxf4 31. Rgd1 Rf8 32. Rg3 Qc5 33. Rdg1 Qd5+ 34. R3g2 Rf2 35. Qg6 Rxg2 36. Rxg2 Qd1+ 37. Rg1 Qf3+ 38. Rg2 Qf1+ 39. Rg1 Qf3+ 40. Rg2 Rg8 41. h4 f4 42. Kh2 Qe3 43. Qxe6 f3 44. Rg3 Qe2+ 45. Kh3 f2 0-1

[Event "BL2-Ost 1920"]
[Site "Germany"]
[Date "2019.11.24"]
[Round "4.3"]
[White "Tabatabaei, Mohammad Amin"]
[Black "Kindermann, Stefan"]
[Result "1-0"]
[WhiteElo "2642"]
[BlackElo "2475"]
[PlyCount "81"]
[EventDate "2019.10.19"]
[EventType "team-tourn"]
[EventRounds "11"]
[EventCountry "GER"]
[SourceTitle "CBM 194 Extra"]
[Source "ChessBase"]
[SourceDate "2020.03.31"]
[SourceVersion "1"]
[SourceVersionDate "2020.03.31"]
[SourceQuality "1"]
[WhiteTeam "Muenchen SC"]
[BlackTeam "Zugzwang MSA"]
[WhiteTeamCountry "GER"]
[BlackTeamCountry "GER"]

1. e4 e6 2. d4 d5 3. Nc3 Nf6 4. e5 Nfd7 5. f4 c5 6. Nf3 a6 7. Be3 Qb6 8. a3 Nc6 9. dxc5 Bxc5 10. Na4 Qa5+ 11. b4 Qxa4 12. bxc5 Qa5+ 13. Qd2 Qxd2+ 14. Kxd2 0-0 15. Bd3 f6 16. exf6 Nxf6 17. Rhf1 Rf7 18. Rab1 Rc7 19. c4 Bd7 20. Rfc1 Rd8 21. Ke2 Bc8 22. Bf2 dxc4 23. Bxc4 Nd5 24. g3 h6 25. Kf1 Kf8 26. Ba2 Re7 27. Rb2 Nc7 28. Re1 Rd3 29. Nh4 Ke8 30. Bb1 Rxa3 31. Be4 Nb5 32. Ng6 Rc7 33. f5 Kf7 34. Nf4 exf5 35. Bd5+ Kf6 36. Bc4 Nc3 37. Rd2 g5 38. Rd6+ Kg7 39. Nh5+ Kh7 40. Re8 Ra1+ 41. Kg2 1-0

[Event "Bundesliga 1819"]
[Site "Germany"]
[Date "2019.02.02"]
[Round "7.2"]
[White "Efimenko, Zahar"]
[Black "Kindermann, Stefan"]
[Result "1-0"]
[WhiteElo "2635"]
[BlackElo "2500"]
[PlyCount "115"]
[EventDate "2018.11.10"]
[EventType "team-tourn"]
[EventRounds "15"]
[EventCountry "GER"]
[SourceTitle "CBM 188 Extra"]
[Source "ChessBase"]
[SourceDate "2019.02.28"]
[SourceVersion "1"]
[SourceVersionDate "2019.02.28"]
[SourceQuality "1"]
[WhiteTeam "Werder Bremen"]
[BlackTeam "Muenchen Zugzwang"]
[WhiteTeamCountry "GER"]
[BlackTeamCountry "GER"]

1. e4 e6 2. d4 d5 3. e5 c5 4. c3 Nc6 5. Nf3 Bd7 6. Be2 cxd4 7. cxd4 Nge7 8. 0-0 Nf5 9. Nc3 a6 10. Kh1 Be7 11. g4 Nh4 12. Nxh4 Bxh4 13. f4 Be7 14. Be3 Rc8 15. Rc1 Na5 16. b3 Bb4 17. Nb1 Rxc1 18. Qxc1 h5 19. gxh5 Bb5 20. Bxb5+ axb5 21. f5 exf5 22. Rxf5 Nc6 23. Rg5 Bf8 24. Nc3 b4 25. Ne2 Qd7 26. Nf4 Nd8 27. Rg2 Qf5 28. Qc2 Qxc2 29. Rxc2 Nc6 30. Kg2 Be7 31. Nxd5 Rxh5 32. Nf4 Rf5 33. Ne2 Bh4 34. Ng3 Bxg3 35. hxg3 Rh5 36. Rc5 Kd8 37. Bd2 Ke8 38. Rb5 Nxd4 39. Rxb4 Nc6 40. Rxb7 Rxe5 41. Kf2 Rd5 42. Be3 Rh5 43. Kg2 Re5 44. Kf3 f5 45. Rxg7 Re4 46. Rc7 Nb4 47. Rc4 Rxc4 48. bxc4 Kd7 49. a4 Nc6 50. Kf4 Ke6 51. Bd2 Ne5 52. a5 Nxc4 53. a6 Nb6 54. a7 Nd5+ 55. Kg5 Nc7 56. Ba5 Na8 57. Kg6 Ke5 58. Kf7 1-0

[Event "Bundesliga 1718"]
[Site "Germany"]
[Date "2018.05.01"]
[Round "15.2"]
[White "Kindermann, Stefan"]
[Black "Trent, Lawrence"]
[Result "1-0"]
[WhiteElo "2502"]
[BlackElo "2435"]
[PlyCount "153"]
[EventDate "2017.10.21"]
[EventType "team-tourn"]
[EventRounds "15"]
[EventCountry "GER"]
[SourceTitle "CBM 184"]
[Source "ChessBase"]
[SourceDate "2018.05.16"]
[SourceVersion "1"]
[SourceVersionDate "2018.05.16"]
[SourceQuality "1"]
[WhiteTeam "Muenchen Zugzwang"]
[BlackTeam "Norderstedt"]
[WhiteTeamCountry "GER"]
[BlackTeamCountry "GER"]

1. e4 e5 2. Nf3 Nc6 3. Bc4 Nf6 4. d3 h6 5. 0-0 d6 6. c3 Be7 7. Re1 0-0 8. Nbd2 Nh7 9. h3 Ng5 10. d4 Bf6 11. Nxg5 hxg5 12. Nb3 g6 13. Be3 Kg7 14. Qd2 Rh8 15. f3 Qe7 16. Bf1 a5 17. Rad1 b6 18. Na1 Bd7 19. Nc2 Be8 20. Bf2 Nd8 21. d5 Bd7 22. Na3 Nb7 23. Bb5 Bc8 24. Bc6 Rb8 25. Nc4 Nd8 26. Bb5 Bd7 27. Bxd7 Qxd7 28. b4 Ra8 29. bxa5 Qa4 30. Qe2 b5 31. Ne3 Rxa5 32. Rd2 Nb7 33. Rb1 Nc5 34. Rb4 Qa3 35. Rc2 Be7 36. Rxb5 Rxb5 37. Qxb5 Qa8 38. Qe2 Rb8 39. Rb2 Rxb2 40. Qxb2 Nd3 41. Qb1 Nf4 42. Qc2 Qa6 43. c4 Qa3 44. Nd1 Kf8 45. Be3 Qb4 46. Kf1 Nh5 47. g4 Nf4 48. Qb3 Qxb3 49. axb3 Nxh3 50. b4 Nf4 51. Nb2 Ke8 52. c5 dxc5 53. bxc5 f6 54. Bxf4 gxf4 55. Na4 Kd8 56. Ke2 c6 57. Kd3 cxd5 58. exd5 f5 59. d6 Bxd6 60. cxd6 Kd7 61. g5 Kxd6 62. Nb6 Kc6 63. Nc4 Kd5 64. Nd2 Kc5 65. Nb3+ Kd5 66. Na5 Kd6 67. Ke2 Kd5 68. Nb7 Ke6 69. Nc5+ Kd6 70. Nd3 Kd5 71. Ne1 Ke6 72. Ng2 Kf7 73. Nh4 Kg7 74. Kd3 Kf7 75. Kc4 e4 76. Kd4 Ke6 77. Nxg6 1-0

[Event "AUT-chT2W 1718"]
[Site "Austria"]
[Date "2018.01.12"]
[Round "6.1"]
[White "Kindermann, Stefan"]
[Black "Gretz, Denis"]
[Result "1-0"]
[WhiteElo "2502"]
[BlackElo "2309"]
[PlyCount "49"]
[EventDate "2017.10.13"]
[EventType "team-tourn"]
[EventRounds "11"]
[EventCountry "AUT"]
[SourceTitle "EXT 2019"]
[Source "ChessBase"]
[SourceDate "2018.10.10"]
[SourceVersion "1"]
[SourceVersionDate "2018.10.10"]
[SourceQuality "1"]
[WhiteTeam "Neumarkt"]
[BlackTeam "Goetzis II"]
[WhiteTeamCountry "AUT"]
[BlackTeamCountry "AUT"]

1. e4 c5 2. d3 Nc6 3. f4 d5 4. Be2 Nd4 5. Nf3 Nxe2 6. Qxe2 g6 7. exd5 Qxd5 8. Nc3 Qd8 9. Qe5 Nf6 10. Qxc5 Bg7 11. 0-0 0-0 12. Bd2 b6 13. Qf2 Ng4 14. Qe2 Bb7 15. Rae1 Re8 16. Nd1 Qc7 17. c4 Bc6 18. Ng5 Bd7 19. h3 Nh6 20. Bc3 e5 21. fxe5 f6 22. Ne4 fxe5 23. Ne3 Kh8 24. Nd5 Qc6 25. Nef6 1-0

[Event "Bundesliga 1718"]
[Site "Germany"]
[Date "2017.11.11"]
[Round "3.3"]
[White "Kindermann, Stefan"]
[Black "Adams, Michael"]
[Result "0-1"]
[WhiteElo "2502"]
[BlackElo "2727"]
[PlyCount "140"]
[EventDate "2017.10.21"]
[EventType "team-tourn"]
[EventRounds "15"]
[EventCountry "GER"]
[SourceTitle "CBM 182"]
[Source "ChessBase"]
[SourceDate "2018.01.17"]
[SourceVersion "1"]
[SourceVersionDate "2018.01.17"]
[SourceQuality "1"]
[WhiteTeam "Muenchen Zugzwang"]
[BlackTeam "Baden-Baden"]
[WhiteTeamCountry "GER"]
[BlackTeamCountry "GER"]

1. d4 d5 2. Bf4 Nf6 3. e3 e6 4. Nd2 Bd6 5. Bg3 0-0 6. Ngf3 c5 7. c3 Qc7 8. Bd3 Nbd7 9. 0-0 b6 10. Bxd6 Qxd6 11. Re1 Bb7 12. e4 dxe4 13. Nxe4 Qc7 14. dxc5 bxc5 15. Nxf6+ Nxf6 16. Ne5 Rfd8 17. Qc2 Rd5 18. f4 Rad8 19. Rad1 g6 20. Bc4 R5d6 21. Rxd6 Rxd6 22. Rd1 Ne4 23. Rxd6 Nxd6 24. Bf1 c4 25. Qf2 Bd5 26. g3 Qa5 27. Ng4 Bb7 28. Nf6+ Kg7 29. Nd7 Qd5 30. Qd4+ Qxd4+ 31. cxd4 Bd5 32. Ne5 f6 33. Ng4 c3 34. bxc3 Bxa2 35. Ne3 a5 36. c4 a4 37. c5 Nc8 38. Nc2 Ne7 39. Kf2 Kf7 40. Na3 e5 41. dxe5 fxe5 42. Bb5 Bb3 43. Bd7 exf4 44. gxf4 Nd5 45. f5 g5 46. Kf3 Ke7 47. Be6 Nf6 48. Bxb3 axb3 49. Nc4 h5 50. h3 Kd7 51. Ke3 h4 52. Kf3 Kc7 53. c6 Kc8 54. Ke2 g4 55. hxg4 Nxg4 56. Nd2 b2 57. Kf3 h3 58. Kg3 h2 59. Kg2 Kc7 60. f6 Nxf6 61. Kxh2 Kxc6 62. Kg2 Kc5 63. Kf3 Kd4 64. Ke2 Kc3 65. Kd1 Kd3 66. Nb1 Ne4 67. Na3 Nc3+ 68. Ke1 Nb5 69. Nb1 Kc2 70. Nd2 Nc3 0-1

[Event "Bundesliga 1718"]
[Site "Germany"]
[Date "2017.10.22"]
[Round "2.2"]
[White "Kindermann, Stefan"]
[Black "Parligras, Mircea Emilian"]
[Result "1/2-1/2"]
[WhiteElo "2509"]
[BlackElo "2607"]
[PlyCount "115"]
[EventDate "2017.10.21"]
[EventType "team-tourn"]
[EventRounds "15"]
[EventCountry "GER"]
[SourceTitle "CBM 181"]
[Source "ChessBase"]
[SourceDate "2017.11.10"]
[SourceVersion "1"]
[SourceVersionDate "2017.11.10"]
[SourceQuality "1"]
[WhiteTeam "Muenchen Zugzwang"]
[BlackTeam "Aachen"]
[WhiteTeamCountry "GER"]
[BlackTeamCountry "GER"]

1. d4 Nf6 2. Bg5 d5 3. e3 c5 4. Bxf6 gxf6 5. Nc3 e6 6. Qh5 Nd7 7. Nf3 b6 8. e4 dxe4 9. d5 exd5 10. Qxd5 Rb8 11. Qxe4+ Qe7 12. 0-0-0 Qxe4 13. Nxe4 b5 14. g3 f5 15. Nd6+ Bxd6 16. Rxd6 Ke7 17. Rd5 Ke6 18. Rd1 Kf6 19. Bh3 Nb6 20. Rd6+ Be6 21. Rhd1 Nc4 22. Ra6 Rb7 23. Rc6 Rc8 24. Rxc8 Bxc8 25. b3 Nb6 26. Rd6+ Be6 27. Rc6 Nd7 28. Nh4 Rb6 29. Rc7 Ra6 30. Bxf5 Bxf5 31. Nxf5 Ne5 32. Rxc5 Kxf5 33. f4 f6 34. fxe5 fxe5 35. Kd2 Rh6 36. h4 Rg6 37. Rxb5 Rxg3 38. Rb7 Rg2+ 39. Ke3 Rxc2 40. Rxa7 Rc3+ 41. Kd2 Rh3 42. Rxh7 Rh2+ 43. Kc3 Rxa2 44. b4 e4 45. Re7 Rh2 46. h5 Kf4 47. Kd4 Rd2+ 48. Kc3 Rd6 49. b5 e3 50. Kc4 Kf3 51. Kc5 Rh6 52. b6 Rxh5+ 53. Kc6 Rh1 54. b7 Rb1 55. Kc7 e2 56. b8Q Rxb8 57. Kxb8 Kf2 58. Rxe2+ 1/2-1/2